000
00260nam a22001217a 4500
999
_c
533591
_d
533591
040
_c
dlc
082
_a
737.4954
100
_a
James Prinsep
_9
27547
245
_a
Essays on Indian Antiquities - Vol-2
250
_a
Vol-2
300
_a
336p
942
_2
ddc
_c
BK